One Piece: Map the Grand Line - Statistics

General Stats
  • This quiz has been taken 401 times
    143 since last reset
  • The average score is 10 of 12
Answer Stats
Question Answer % Correct
Where did Luffy first meet Shanks and the Red-Haired Pirates? Foosha Village
96%
Which island is the homeland of the Raccoon Dog/Cotton Candy Lover? Drum Island
94%
Which of the following is famous for Savage Chefs? Baratie
90%
On which island did Sanji cry in the rain after being heartbroken? Whole Cake Island
89%
Which island are the Strawhats trying to visit in order to search for the legendary treasure known as the One Piece? Raftel
87%
On which island did Luffy delare war on the World Government? Ennies Lobby
84%
Luffy punched a Celestrial Dragon. Where was this? Sabaody Archipelago
84%
On which island did Zoro say "Nothing Happened" to a crewmate? Thrillar Bark
84%
Where did Bon Clay (Mr.2) sacrifice his freedom for Luffy? Impel Down
80%
On which island did the Strawhats first meet Miss All Sunday? Whisky Peak
79%
Which island is home to the revolutionary Monkey D. Dragon? Baltigo
78%
God Enel and his followers had colonised which of these islands? Skypiea
57%
No matching quizzes found
Score Distribution
Percent of People with Each Score
Percentile by Number Answered
Your Score History
You have not taken this quiz since the last reset